Image Word Wheel III Quiz Stats

Quiz Updated Jun 21, 2016

Challenge
Share
Tweet
Score 0/14 Timer 02:00
7 Plays Today
% Correct
RING
99.8%
WINE
99.4%
WING
99%
BALL
98.4%
WALL
98%
WILL
96.9%
BALD
96.1%
% Correct
BANG
90.2%
RUNG
89.5%
TINE
84.8%
TILL
84.8%
BAND
84.4%
TILE
84.1%
BUNG
76.2%

You're not logged in!

Compare scores with friends on all Sporcle quizzes.
Sign Up with Email
OR
Log In

You Might Also Like...

Show Comments

Extras

Top Quizzes Today


Score Distribution

Your Account Isn't Verified!

In order to create a playlist on Sporcle, you need to verify the email address you used during registration. Go to your Sporcle Settings to finish the process.